[Event "SLO-ch (Women)"]
[Site "Maribor"]
[Date "1998.??.??"]
[Round "2"]
[White "Riznar, Helena"]
[Black "Licina, Anita"]
[Result "0-1"]
[WhiteElo "2100"]
[BlackElo "2175"]

1.e4 c5 2.c3 Nf6 3.e5 Nd5 4.d4 cxd4 5.Nf3 e6 6.cxd4 d6 7.exd6 Bxd6 8.Nc3 Nxc3
9.bxc3 Qc7 10.Bb2 Nd7 11.Bd3 O-O 12.O-O b6 13.h3 Bb7 14.Re1 h6 15.Bc2 Ba6
16.Nd2 Nf6 17.Ne4 Be7 18.a4 Bc4 19.Ba3 Nxe4 20.Bxe4 Rad8 21.Qf3 Bxa3 22.Rxa3 Qd6
23.Rea1 Bd5 24.Bxd5 exd5 25.Qd3 Qc6 26.a5 b5 27.a6 Rb8 28.Ra5 Rb6 29.Rb1 Rfb8
30.Rba1 g6 31.Qe3 h5 32.g3 Qc4 33.Qe7 Qxc3 34.Qxa7 Qc8 35.Qe7 Ra8 36.Qb4 Raxa6
37.Rxa6 Rxa6 38.Re1 Qd7 39.Kg2 Ra4 40.Qc5 Rc4 41.Qb6 Kg7 42.Qb8 Rc8 43.Qb6 Qc6
44.Qa7 Qc7 45.Qa3 Qc4 46.Qe3 b4 47.Rb1 Qb5 48.Rb3 Rc4 49.Qe5+ Kg8 50.Qe3 Qc6
51.Qf4 Qb6 52.Rd3 b3 53.Qe3 b2 54.Qe8+ Kg7 55.Qe5+ Qf6 56.Qxf6+ Kxf6 57.Rb3 Rxd4
58.Rxb2 Re4 59.f3 Re7 60.Rd2 Ke5 61.f4+ Kd6 62.Kf3 Kc5 63.g4 hxg4+ 64.Kxg4 f6
65.h4 Re4 66.Kf3 f5 67.Rc2+ Rc4 68.Re2 Rc3+ 69.Kg2 Rc4 70.Kf3 Re4 71.Rc2+ Kd6
72.Rg2 Re6 73.Rd2 Kc5 74.Rc2+ Kd4 75.Rd2+ Kc4 76.Rc2+ Kd3 77.Rc1 d4 78.Rd1+ Kc3
79.Rc1+ Kd2 80.Rc5 Rf6 81.Kf2 d3 82.Re5 Kd1 83.Re1+ Kc2  0-1

[Event "SLO-ch"]
[Site "Maribor"]
[Date "1998.??.??"]
[Round "4"]
[White "Sermek, Drazen"]
[Black "Soln, Primoz"]
[Result "1-0"]
[WhiteElo "2510"]
[BlackElo "2350"]

1.e4 c5 2.c3 Nf6 3.e5 Nd5 4.Nf3 d6 5.Bc4 Nb6 6.Bb3 Nc6 7.exd6 e5 8.d4 c4
9.Ba4 Nxa4 10.Qxa4 exd4 11.Nxd4 Bxd6 12.Nxc6 Qd7 13.Nd2 Qxc6 14.Qxc6+ bxc6
15.Nxc4 Bc7 16.Be3 Be6 17.Nd2 Rb8 18.O-O-O Bxa2 19.Bxa7 Ra8 20.Bc5 Be6 21.Rhe1 Ra5
22.Nb3 Rb5 23.Kc2 h5 24.c4 Rb7 25.Nd4 Rh6 26.Nf5 Rg6 27.g3 Rg5 28.Nd6+ Bxd6
29.Bxd6 Ra5 30.Kc3 Ra4 31.Rd4 Ra2 32.Ba3 Rb6 33.f4 g6 34.Rd6 Kf8 35.Bc5 Rbxb2
36.Rd2+  1-0

[Event "SLO-ch"]
[Site "Maribor"]
[Date "1998.??.??"]
[Round "6"]
[White "Pavasovic, Dusko"]
[Black "Soln, Primoz"]
[Result "1-0"]
[WhiteElo "2505"]
[BlackElo "2350"]

1.e4 c5 2.c3 Nf6 3.e5 Nd5 4.Nf3 Nc6 5.d4 cxd4 6.cxd4 d6 7.Bc4 dxe5 8.Bxd5 Qxd5
9.Nc3 Qd6 10.d5 Nd4 11.Nxd4 exd4 12.Qxd4 e5 13.Qd3 Bd7 14.O-O f5 15.Re1 Kf7
16.a4 a6 17.b3 e4 18.Qh3 h5 19.Ba3 Qc7 20.d6 Bxd6 21.Bxd6 Qxd6 22.Rad1 Qe7
23.Nxe4 Rhe8 24.Re3 Kg8 25.Nd6 Qf6 26.Nxe8 Bxe8 27.Rde1 Bf7 28.Qf3 Rb8 29.Re5 g6
30.Qc3 Qd6 31.Re7 b5 32.axb5 axb5 33.b4 Rd8 34.h3 Qd5 35.Qf6 Rf8 36.Qe5 Qc4
37.Qd6 Kg7 38.R1e6 Qc1+ 39.Kh2 Qg5 40.f4  1-0

[Event "SLO-ch"]
[Site "Maribor"]
[Date "1998.??.??"]
[Round "8"]
[White "Sermek, Drazen"]
[Black "Jelen, Igor"]
[Result "1/2-1/2"]
[WhiteElo "2510"]
[BlackElo "2430"]

1.e4 c5 2.c3 Nf6 3.e5 Nd5 4.Nf3 Nc6 5.Bc4 Nb6 6.Bb3 c4 7.Bc2 Qc7 8.Qe2 g5
9.e6 dxe6 10.Nxg5 Qe5 11.d4 cxd3 12.Bxd3 Qxe2+ 13.Bxe2 h6 14.Nf3 e5 15.O-O Bf5
16.Bb5 f6 17.Re1 O-O-O 18.Nbd2 e6 19.a4  1/2-1/2

[Event "SLO-ch"]
[Site "Maribor"]
[Date "1998.??.??"]
[Round "10"]
[White "Pavasovic, Dusko"]
[Black "Jelen, Igor"]
[Result "1/2-1/2"]
[WhiteElo "2505"]
[BlackElo "2430"]

1.e4 c5 2.c3 Nf6 3.e5 Nd5 4.Nf3 Nc6 5.d4 cxd4 6.cxd4 d6 7.Bc4 Nb6 8.Bb5 dxe5
9.Nxe5 Bd7 10.Nxd7 Qxd7 11.O-O g6 12.Nc3 Bg7 13.d5 Bxc3 14.dxc6 bxc6 15.Bxc6 Qxc6
16.bxc3 O-O 17.Qe2 Rfe8 18.Rb1 Qxc3 19.Rb3 Qc4 20.Qe3  1/2-1/2

[Event "SLO-ch"]
[Site "Maribor"]
[Date "1998.??.??"]
[Round "10"]
[White "Sermek, Drazen"]
[Black "Vombek, Dani"]
[Result "1-0"]
[WhiteElo "2510"]
[BlackElo "2310"]

1.e4 c5 2.c3 Nf6 3.e5 Nd5 4.Nf3 e6 5.Bc4 Nb6 6.Bb3 d6 7.Qe2 Nc6 8.d4 cxd4
9.cxd4 dxe5 10.dxe5 Nd4 11.Nxd4 Qxd4 12.O-O Nd7 13.Re1 Bb4 14.Nd2 Nc5 15.Nf3 Qd3
16.Ba4+ Ke7 17.Bg5+ f6 18.exf6+ gxf6 19.Bxf6+ Kxf6 20.Qe5+ Ke7 21.Qg7+ Kd6
22.Red1 Rd8 23.Rxd3+ Nxd3 24.Rd1  1-0

[Event "SLO-ch"]
[Site "Maribor"]
[Date "1998.??.??"]
[Round "12"]
[White "Pavasovic, Dusko"]
[Black "Vombek, Dani"]
[Result "1-0"]
[WhiteElo "2505"]
[BlackElo "2310"]

1.e4 c5 2.c3 Nf6 3.e5 Nd5 4.Nf3 e6 5.Bc4 Nb6 6.Bb3 d5 7.exd6 Qxd6 8.d4 Nc6
9.O-O Be7 10.Nbd2 f5 11.dxc5 Qxc5 12.Re1 Nd5 13.Ng5 Nd8 14.Ndf3 Bxg5 15.Bxg5 Nf6
16.Bxf6 gxf6 17.Nd4 O-O 18.Qh5 Kh8 19.Rad1 e5 20.Nxf5 Ne6 21.Qh6 Qc7 22.Rd6 Ng7
23.Nh4 Bf5 24.Rxf6  1-0

[Event "FRA-ch (Women)"]
[Site "Meribel"]
[Date "1998.??.??"]
[Round "4"]
[White "Dubois, Martine"]
[Black "Klipper, Rebecca"]
[Result "1/2-1/2"]
[WhiteElo "2030"]
[BlackElo "2060"]

1.e4 c5 2.c3 Nf6 3.e5 Nd5 4.d4 cxd4 5.Nf3 Nc6 6.cxd4 g6 7.Qb3 e6 8.Nc3 Nxc3
9.bxc3 d5 10.Bg5 Be7 11.h4 h6 12.Bd2 Qc7 13.Rb1 b6 14.Bb5 Bd7 15.c4 dxc4
16.Qxc4 a6 17.Bxa6 Qa7 18.Bb5 Qxa2 19.Qc1 Ba3 20.Qd1 Bb2 21.Bxc6 Bxc6 22.Qc2 Qxb1+
23.Qxb1 Ra1 24.O-O Rxb1 25.Rxb1 Bxf3 26.Rxb2 Bd5 27.Rxb6 Kd7 28.Ra6 Kc7 29.Bb4 Ra8
30.Bd6+ Kb7 31.Rxa8 Kxa8 32.h5 gxh5 33.Bf8 Be4 34.Bxh6 Kb7 35.f3 Bg6 36.Kf2 Kc6
37.Kg3 Kd7 38.Kh4 Ke8 39.Kg5 Ke7 40.Bg7 Kd7 41.Bf8 Ke8 42.Bc5 Kd7 43.g3 Ke8
44.f4 Kd7 45.Kf6 Ke8 46.d5 Bf5 47.Kg5 Bg4 48.d6 Kd7 49.Kf6 Ke8 50.Kg7 Bf5
51.Kg8 Be4 52.d7+ Kxd7 53.Kxf7 Bf5  1/2-1/2

[Event "Mermaid Beach"]
[Site "Mermaid Beach"]
[Date "1998.??.??"]
[Round "5"]
[White "Saint Amand, Paul"]
[Black "Faulks, Nick"]
[Result "1-0"]
[WhiteElo "2200"]
[BlackElo "2050"]

1.e4 c5 2.c3 Nf6 3.e5 Nd5 4.d4 d6 5.Nf3 Nc6 6.a3 e6 7.Bd3 cxd4 8.cxd4 Be7
9.O-O Qc7 10.Re1 Bd7 11.Nbd2 Rc8 12.Nc4 dxe5 13.dxe5 b5 14.Ne3 Qb8 15.Nxd5 exd5
16.Bg5 Be6 17.Rc1 Qb7 18.Bxe7 Kxe7 19.Qe2 a6 20.Qe3 h6 21.b4 Kd7 22.Rc5 Ne7
23.Rec1 Rxc5 24.bxc5 Rc8 25.Nd4 Nc6 26.f4 Nxd4 27.Qxd4 g6 28.h3 Bf5 29.Bxf5+ gxf5
30.c6+ Rxc6 31.Qxd5+ Kc7 32.Qxf7+ Kb6 33.Qxb7+ Kxb7 34.Rxc6 Kxc6 35.Kf2 a5
36.Ke2 b4 37.axb4 axb4 38.Kd3 Kc5 39.g4  1-0

[Event "Miercurea Ciuc op"]
[Site "Miercurea Ciuc"]
[Date "1998.??.??"]
[Round "9"]
[White "Szabo, Gergely"]
[Black "Vajda, Szidonia"]
[Result "1/2-1/2"]
[WhiteElo "2235"]
[BlackElo "2325"]

1.e4 c5 2.c3 Nf6 3.e5 Nd5 4.d4 cxd4 5.Nf3 e6 6.cxd4 d6 7.a3 Bd7 8.Bd3 Bc6
9.O-O Nd7 10.b4 a6 11.Re1 Be7 12.Qe2 Rc8 13.Bd2 dxe5 14.dxe5 Qb6 15.Rc1 O-O
16.Nc3 Nxc3 17.Bxc3 Bd5 18.Rab1 Nb8 19.Bd4 Qd8 20.Rxc8 Qxc8 21.Qe3 Nc6 22.Bb2  1/2-1/2

[Event "Petrosian mem-J"]
[Site "Moscow"]
[Date "1998.??.??"]
[Round "?"]
[White "Erenburg, Sergey"]
[Black "Kuznetsov, Lev"]
[Result "1-0"]
[WhiteElo "2285"]
[BlackElo "2240"]

1.e4 c5 2.c3 Nf6 3.e5 Nd5 4.d4 cxd4 5.Nf3 e6 6.cxd4 d6 7.Bc4 Nb6 8.Bb3 dxe5
9.Nxe5 Nc6 10.Nxc6 bxc6 11.O-O Be7 12.Nc3 c5 13.dxc5 Qxd1 14.Bxd1 Nd7 15.c6 Ne5
16.Bf4 Nxc6 17.Bf3 Bd7 18.Rfd1 Rc8 19.Nb5 e5 20.Be3 a6 21.Nd6+ Bxd6 22.Rxd6 Nb8
23.Ba7 Bc6 24.Bg4 Bd7 25.Bxd7+ Nxd7 26.Rad1 Nf6 27.Rxa6 O-O 28.b4 Nd5 29.Bc5 Rfd8
30.g3 f5 31.Re6 e4 32.Re5 Nf6 33.Rxd8+ Rxd8 34.Rxf5 Ra8 35.Bd4 Rxa2 36.Bxf6 gxf6
37.Rxf6 Rb2 38.Rb6 Kg7 39.b5 Kf7 40.Rb7+ Kg6 41.b6 h6 42.Rb8 Kf6 43.b7 Kg7
44.Kf1  1-0

[Event "Petrosian mem-J"]
[Site "Moscow"]
[Date "1998.??.??"]
[Round "?"]
[White "Erenburg, Sergey"]
[Black "Dolinskij, Boris"]
[Result "1/2-1/2"]
[WhiteElo "2285"]
[BlackElo "2270"]

1.e4 c5 2.c3 Nf6 3.e5 Nd5 4.d4 cxd4 5.Nf3 Nc6 6.Bc4 Nb6 7.Bb3 g6 8.cxd4 Bg7
9.d5 Nxe5 10.Nxe5 Bxe5 11.Bh6 d6 12.Nc3 Nd7 13.O-O Nc5 14.Bc2 Bf5 15.Rc1 Bxc2
16.Qxc2 Qd7 17.f4 Bd4+ 18.Kh1 f5 19.b4 Na6 20.Qd3 Bf6 21.a3 Kf7 22.Nb5 Rhc8
23.Rce1 Nc7 24.Nd4 Ne8 25.Re6 a5 26.Nxf5 axb4 27.axb4 Rc3 28.Qe4 Rca3 29.h3 Ra1
30.Rxa1 Rxa1+ 31.Kh2 Ra4 32.Ng3 Nc7 33.f5 Qb5 34.Qc2 Nxd5 35.Qc8 Qe8 36.Qxb7 Qa8
37.Qd7 Ra7 38.Qb5 gxf5 39.Re1 Ra2 40.Re2 Be5 41.Rxa2 Qxa2 42.Qd3 e6 43.Qf3 Ke7
44.b5 Qb2 45.Bg5+ Kd7 46.Qh5 Bxg3+ 47.Kxg3 Qe5+ 48.Kf2 Qd4+ 49.Kf1 Qa1+ 50.Kf2 Qd4+
51.Kf1 Qa1+ 52.Kf2 Qd4+  1/2-1/2

[Event "Moscow-ch op"]
[Site "Moscow"]
[Date "1998.??.??"]
[Round "1"]
[White "Deviatkin, Andrei"]
[Black "Ivanov, Victor L"]
[Result "0-1"]
[WhiteElo "2260"]
[BlackElo "2455"]

1.e4 c5 2.c3 Nf6 3.e5 Nd5 4.d4 cxd4 5.Qxd4 e6 6.Nf3 Nc6 7.Qe4 Qc7 8.Bc4 Nde7
9.Bf4 Ng6 10.Bg3 d5 11.exd6 Bxd6 12.Bxd6 Qxd6 13.O-O O-O 14.Na3 a6 15.Rfd1 Qc7
16.Bf1 b5 17.c4 Bb7 18.Qe3 bxc4 19.Nxc4 Nb4 20.Qb6 Qe7 21.Qd6 Qxd6 22.Rxd6 Bxf3
23.gxf3 Nh4 24.Be2 Nf5 25.Rd2 Rfd8 26.a3 Rxd2 27.Nxd2 Nd5 28.Rc1 g5 29.b4 Nd4
30.Bd1 Nb5 31.a4 Nbc3 32.Ne4 Nxe4 33.fxe4 Nxb4 34.Rc7 Rb8 35.Bh5 Nd3 36.Bxf7+ Kf8
37.Kg2 Rb3 38.f3 Rb2+ 39.Kg3 Nf4  0-1

[Event "Moscow-ch op"]
[Site "Moscow"]
[Date "1998.??.??"]
[Round "2"]
[White "Vorotnikov, Vladislav V"]
[Black "Konotop, Sergei"]
[Result "1-0"]
[WhiteElo "2445"]
[BlackElo "2175"]

1.e4 c5 2.c3 Nf6 3.Bd3 d6 4.Nf3 Nc6 5.Bc2 g6 6.d4 cxd4 7.cxd4 Bg7 8.Nc3 O-O
9.h3 b6 10.O-O Bb7 11.a3 Rc8 12.Qe2 Na5 13.Bf4 Qc7 14.Rac1 Qb8 15.Rfd1 Rfd8
16.d5 Nh5 17.Bg5 f6 18.Be3 Bf8 19.Nd4 Ng7 20.Bd3  1-0

[Event "Moscow-ch op"]
[Site "Moscow"]
[Date "1998.??.??"]
[Round "3"]
[White "Vlassov, Nikolai"]
[Black "Donchenko, Anatoly G"]
[Result "1-0"]
[WhiteElo "2440"]
[BlackElo "2385"]

1.e4 c5 2.c3 Nf6 3.e5 Nd5 4.d4 cxd4 5.Nf3 Nc6 6.Bc4 Nb6 7.Bb3 d6 8.exd6 Qxd6
9.Na3 Be6 10.Nb5 Qd7 11.Bxe6 Qxe6+ 12.Be3 Qd7 13.Nbxd4 e6 14.Nxc6 Qxc6 15.Qd4 Rd8
16.Qg4 h5 17.Qh4 Be7 18.Qg3 Bf6 19.O-O h4 20.Qg4 h3 21.Rfd1 hxg2 22.Rxd8+ Kxd8
23.Bg5 Ke7 24.Re1 Nd7 25.Bxf6+ gxf6 26.Nd4 Qd5 27.Nxe6 Ne5 28.Nd4 Kf8 29.Qf5 Rh6
30.Re3 Qc4 31.Kxg2 Qd5+ 32.Kg1 Rg6+ 33.Rg3 Kg7 34.Qh3 Qe4 35.Nf5+ Kg8 36.Ne7+ Kg7
37.Nxg6 fxg6 38.b4 Qb1+ 39.Qf1 Qxa2 40.f4 Nf7 41.Qd3 Qa1+ 42.Kg2 Qa2+ 43.Kh1 Nh8
44.h4 Qf7 45.f5 Kh6 46.Qd8 Kh7 47.Re3 Qc4 48.Qe7+ Nf7 49.fxg6+ Kxg6 50.Qe4+ Qxe4+
51.Rxe4 Ne5 52.b5 Kf5 53.Ra4 a6 54.bxa6 bxa6 55.Rxa6 Kg4 56.Rxf6 Kxh4 57.Re6 Nd3
58.Rd6  1-0

[Event "Moscow Kasparov Cup"]
[Site "Moscow"]
[Date "1998.??.??"]
[Round "6"]
[White "Alekseev, Evgeny"]
[Black "Grachev, Boris"]
[Result "1-0"]
[WhiteElo "2275"]
[BlackElo "2205"]

1.e4 c5 2.c3 Nf6 3.e5 Nd5 4.d4 cxd4 5.Nf3 e6 6.cxd4 b6 7.Nc3 Bb7 8.Bd3 Be7
9.O-O O-O 10.Qe2 f5 11.exf6 Nxf6 12.Ng5 Nc6 13.Nce4 h6 14.Nxf6+ Bxf6 15.Nh7 Bxd4
16.Nxf8 Qxf8 17.Be3 Bf6 18.Rac1 d5 19.Bxb6 axb6 20.Rxc6 Bxc6 21.Qxe6+ Qf7
22.Qxc6 Rb8 23.Bf5 Kh8 24.b3 d4 25.Bd3 Qe8 26.Qf3 Qe5 27.Qg4 b5 28.a4 bxa4
29.Qg6 Kg8 30.Bc4+ Kh8 31.Bd3 Kg8 32.Bc4+ Kh8 33.Bd3 Kg8 34.bxa4 Rc8 35.g3 Qa5
36.Rb1 Qd8 37.Rb7 Qd5 38.Be4 Qe6 39.Rxg7+ Kf8 40.Rh7 Rc1+ 41.Kg2  1-0

[Event "Moscow Kasparov Cup"]
[Site "Moscow"]
[Date "1998.??.??"]
[Round "7"]
[White "Afonin, Alexey"]
[Black "Dolinskij, Boris"]
[Result "1-0"]
[WhiteElo "2190"]
[BlackElo "2270"]

1.e4 c5 2.c3 Nf6 3.e5 Nd5 4.d4 cxd4 5.Nf3 Nc6 6.cxd4 g6 7.Qb3 e6 8.Nc3 Nxc3
9.bxc3 d6 10.exd6 Bxd6 11.Bh6 Bf8 12.Bg5 Be7 13.Bh6 Bf8 14.Bg5 Be7 15.Bh6 Bf6
16.Rd1 Qd5 17.Be2 Qe4 18.Be3 O-O 19.O-O Na5 20.Qa4 b6 21.Nd2 Qc6 22.Qxc6 Nxc6
23.Ne4 Be7 24.c4 Ba6 25.Rfe1 f5 26.d5 Nb4 27.Bg5 Bd8 28.Bxd8 Rfxd8 29.Ng5 exd5
30.cxd5 Bxe2 31.Rxe2 h6 32.a3 Rxd5 33.Rxd5 Nxd5 34.Rd2 Rc8 35.g3 Nf6 36.Nf3 Kg7
37.Ne5 Rc5 38.f4 g5 39.Kg2 gxf4 40.gxf4 Nd5 41.Kf3 Rc3+ 42.Rd3 Rxd3+ 43.Nxd3 Kf6
44.Ne5 Ke6 45.Nc6 a5 46.Nd4+ Kf6 47.h3 Nc3 48.Ke3 Nd5+ 49.Kf3 Nc7 50.Ke3 Ne6
51.Nc6 Kf7 52.Ne5+ Ke7 53.Nc4 Kd7 54.Nxb6+ Kc6 55.Nc8 Kd7 56.Nb6+ Kc7 57.Nc4 Kc6
58.Nxa5+ Kb5 59.Nb3 Ka4 60.Nd4 Ng7 61.Ne2 Kxa3 62.Kd4 Kb3 63.Ke5 Kc4 64.Ng3 Kd3
65.h4 h5 66.Nxf5 Ne8 67.Ng3 Ke3 68.Nxh5 Kf3 69.Nf6 Nc7 70.h5  1-0

[Event "Moscow-ch op"]
[Site "Moscow"]
[Date "1998.??.??"]
[Round "8"]
[White "Remizov, Juri"]
[Black "Baikov, Vladimir A"]
[Result "0-1"]
[WhiteElo "2160"]
[BlackElo "2400"]

1.e4 c5 2.c3 Nf6 3.e5 Nd5 4.d4 cxd4 5.cxd4 d6 6.Nf3 Nc6 7.Bc4 Nb6 8.Bb5 dxe5
9.Nxe5 Bd7 10.Bxc6 Bxc6 11.Nxc6 bxc6 12.Be3 g6 13.Nd2 Bg7 14.Nb3 O-O 15.Rc1 Qd5
16.O-O Na4 17.Rc2 Rfd8 18.Qe2 Qb5 19.Qf3 Rd5 20.Rfc1 Rad8 21.Rxc6 Nxb2 22.Rc8 Na4
23.R1c7 Bf6 24.g4 Rxc8 25.Rxc8+ Kg7 26.Nc5 Nb6 27.Rc7 Qb1+ 28.Kg2 Qxa2 29.Ne4 Nc4
30.Bh6+ Kxh6 31.Nc3 Qa5 32.Nxd5 Nd2 33.Qh3+ Kg7 34.Rc5 Qa6 35.Rc1 Qb7 36.Qd3 Qxd5+
37.f3 Nb3  0-1

[Event "Moscow Kasparov Cup"]
[Site "Moscow"]
[Date "1998.??.??"]
[Round "9"]
[White "Afonin, Alexey"]
[Black "Markarov, Arsen"]
[Result "1-0"]
[WhiteElo "2190"]
[BlackElo "2325"]

1.e4 c5 2.c3 Nf6 3.e5 Nd5 4.d4 cxd4 5.Nf3 e6 6.cxd4 b6 7.Bc4 Bb7 8.O-O Be7
9.Qe2 Nc6 10.Re1 Na5 11.Bd3 Rc8 12.Bd2 Nb4 13.Bxb4 Bxb4 14.Rd1 O-O 15.Nbd2 Bxd2
16.Nxd2 d5 17.Rac1 Qe7 18.Nf3 Nc6 19.Bb1 g6 20.h4 h5 21.Qd2 Kg7 22.Ng5 Ba6
23.Rc3 Na5 24.Rf3 Nc4 25.Qe2 Bb5 26.Rf6 Nd6 27.Qf3 Nf5 28.Bxf5 exf5 29.a3 Rcd8
30.Rc1 Be8 31.Qc3 Bd7 32.Qg3 Rc8 33.Rxc8 Bxc8 34.Nh3 Kh7 35.Qg5  1-0

[Event "EU-ch U18"]
[Site "Murek"]
[Date "1998.??.??"]
[Round "1"]
[White "Jenni, Florian"]
[Black "Pilaj, Herwig"]
[Result "1-0"]
[WhiteElo "2430"]
[BlackElo "2215"]

1.e4 c5 2.c3 Nf6 3.e5 Nd5 4.d4 cxd4 5.Nf3 Nc6 6.Bc4 Nb6 7.Bb3 g6 8.cxd4 Bg7
9.Bf4 d6 10.Qe2 dxe5 11.dxe5 Nd4 12.Nxd4 Qxd4 13.Bg3 Bg4 14.f3 Bf5 15.Nc3 Bd3
16.Rd1 Qxc3+ 17.bxc3 Bxe2 18.Kxe2 e6 19.c4 Rc8 20.f4 Bf8 21.a4 Nd7 22.Bf2 a5
23.Be1 b6 24.c5 Rxc5 25.Bf2 Rc3 26.Rd3 Rxd3 27.Kxd3 Bc5 28.Bh4 O-O 29.Bc4 Bb4
30.Bb5 Nc5+ 31.Ke3 Nb3 32.Rd1 h6 33.Rd3 Nc5 34.Rd6 Nb3 35.Rd7 Nc5 36.Rd6 Nb3
37.Rd7 Nc5 38.Rc7 Nb3 39.g4 Bc5+ 40.Ke4 Nd4 41.Bc4 Nc2 42.Bf6 Re8 43.h3 Nb4
44.f5 Bf8 45.fxg6 fxg6 46.h4 h5 47.g5  1-0

[Event "EU-ch U14"]
[Site "Murek"]
[Date "1998.??.??"]
[Round "4"]
[White "Lazar, Ales"]
[Black "Stojanovski, Dejan"]
[Result "0-1"]
[WhiteElo "2190"]
[BlackElo "2235"]

1.e4 c5 2.c3 Nf6 3.e5 Nd5 4.d4 cxd4 5.cxd4 d6 6.Nf3 e6 7.Nc3 Nxc3 8.bxc3 Qc7
9.Bd2 Nd7 10.exd6 Bxd6 11.Bd3 b6 12.O-O Bb7 13.Re1 O-O 14.Ng5 Nf6 15.Re3 Bxh2+
16.Kh1 Bf4 17.Rh3 h6 18.Bxf4 Qxf4 19.Nf3 Rfd8 20.Qe1 Ng4 21.Rg3 e5 22.Nxe5 Nxf2+
23.Kh2 Re8 24.Qe3 Ng4+ 25.Nxg4 Rxe3 26.Nxe3 Re8 27.Nf5 g6 28.Rf1 Qd2 29.Bc4 Re4
30.Rxg6+ Kf8 31.Rxh6 Rg4 32.Rh8+ Rg8 33.Rxg8+ Kxg8 34.Bd5 Bxd5 35.Ne7+ Kf8
36.Nxd5 Qxa2 37.Nf4 a5 38.Ng6+ Ke8 39.Re1+ Kd8 40.Ne5 a4 41.Nc6+ Kc7 42.Nb4 Qb2
43.Rf1 Qb3 44.Re1 a3 45.Re2 Kd6 46.Kg3 a2 47.Rxa2 Qxc3+ 48.Kf4 Qxd4+  0-1

[Event "EU-ch U16"]
[Site "Murek"]
[Date "1998.??.??"]
[Round "6"]
[White "Hodge, David"]
[Black "Grafl, Florian"]
[Result "1/2-1/2"]
[WhiteElo "2130"]
[BlackElo "2230"]

1.e4 c5 2.c3 Nf6 3.e5 Nd5 4.g3 d6 5.exd6 e6 6.Bg2 Bxd6 7.Nf3 O-O 8.O-O Nc6
9.d4 cxd4 10.Nxd4 Nce7 11.Nd2 e5 12.N4b3 Bc7 13.Qe2 Qd7 14.Rd1 Rd8 15.Ne4 Qg4
16.Bf3 Qg6 17.c4 Nb4 18.Bg5 Rxd1+ 19.Rxd1 f6 20.a3 fxg5 21.axb4 g4 22.Bg2 Rb8
23.Nec5 Qe8 24.b5 h5 25.Ne4 Qg6 26.Nec5 Qe8 27.Ne4 Qg6 28.Nec5  1/2-1/2

[Event "EU-ch U16"]
[Site "Murek"]
[Date "1998.??.??"]
[Round "7"]
[White "Hummel, Markus"]
[Black "Kuemin, Simon"]
[Result "1-0"]
[WhiteElo "2135"]
[BlackElo "2195"]

1.e4 c5 2.c3 Nf6 3.e5 Nd5 4.d4 cxd4 5.cxd4 d6 6.Bc4 Nb6 7.Bb5+ Bd7 8.e6 Bxb5
9.Qh5 Qc8 10.Qxb5+ Kd8 11.Be3 Qxe6 12.d5 Qd7 13.Bxb6+ axb6 14.Qxb6+ Qc7 15.Qe3 g6
16.Nc3 Bg7 17.Nge2 Nd7 18.Rc1 h5 19.O-O Qc5 20.Qe4 Nf6 21.Qd3 Bh6 22.Rc2 Rc8
23.Rd1 Ng4 24.Nd4 Bf4 25.g3 Be5 26.Ncb5 Qb6 27.Rdc1 Rc5 28.b4 Rxc2 29.Qxc2  1-0

[Event "EU-ch U16 Girls"]
[Site "Murek"]
[Date "1998.??.??"]
[Round "9"]
[White "Szabo, Virag"]
[Black "Kieran, Rosalind"]
[Result "0-1"]
[WhiteElo "2095"]
[BlackElo "2050"]

1.e4 c5 2.c3 Nf6 3.e5 Nd5 4.d4 cxd4 5.Nf3 Nc6 6.Bc4 Nb6 7.Bb3 g6 8.cxd4 Bg7
9.O-O O-O 10.h3 d6 11.Qe2 Bf5 12.Rd1 Qc7 13.Bf4 Na5 14.Rc1 Qd7 15.Bc2 Bxc2
16.Rxc2 Rac8 17.Nc3 Nc6 18.a3 Rfd8 19.Rd1 Qf5 20.Bg3 dxe5 21.dxe5 Rxd1+ 22.Nxd1 Nd5
23.Rd2 Nb6 24.Ne3 Qe6 25.Ng5 Qb3 26.Rd3 Qa4 27.Qf3 Rf8 28.Nd5 Nxd5 29.Qxd5 h6
30.Nxf7 Rxf7 31.Rf3 e6 32.Qxe6 Nd8 33.Qxg6 Qd1+ 34.Kh2 Rxf3 35.gxf3 Qxf3
36.Qe8+ Qf8 37.Qxf8+ Kxf8 38.f4 Nc6 39.Bf2 Kf7 40.Kg3 Kg6 41.Kg4 h5+ 42.Kh4 Ne7
43.Kg3 a6 44.Kf3 Kf5 45.b3 Nd5 46.Bg3 Bh6  0-1

[Event "Naantali op"]
[Site "Naantali"]
[Date "1998.??.??"]
[Round "?"]
[White "Kiik, Kalle"]
[Black "Keskisarja, Teemu"]
[Result "1-0"]
[WhiteElo "2445"]
[BlackElo "2290"]

1.e4 c5 2.c3 Nf6 3.e5 Nd5 4.Nf3 Nc6 5.Bc4 Nb6 6.Bb3 g6 7.d4 cxd4 8.cxd4 Bg7
9.Bf4 d6 10.exd6 O-O 11.h3 Nxd4 12.Nxd4 e5 13.Bg3 exd4 14.O-O Bf5 15.Qf3 Nc8
16.Qd5 Qd7 17.Na3 Rd8 18.Rfe1 Be6 19.Qb5 Nxd6 20.Qxd7 Rxd7 21.Rxe6 Nf5  1-0

[Event "CERA Bank op"]
[Site "NED"]
[Date "1998.??.??"]
[Round "?"]
[White "Henris, Luc"]
[Black "Vandevoort, Pascal"]
[Result "1-0"]
[WhiteElo "2250"]
[BlackElo "2295"]

1.e4 c5 2.c3 Nf6 3.e5 Nd5 4.d4 cxd4 5.Nf3 Nc6 6.Bc4 Nb6 7.Bb3 d5 8.exd6 Qxd6
9.Na3 a6 10.O-O e6 11.Qe2 Be7 12.Rd1 O-O 13.Nxd4 Qc7 14.Nxc6 Qxc6 15.Nc2 Bf6
16.Nd4 Qc7 17.Rd3 e5 18.Nc2 Bf5 19.Rg3 Bg6 20.Bg5 Bxg5 21.Rxg5 Rfe8 22.Re1 a5
23.a4 Nd7 24.Na3 Nc5 25.Bc4 Rad8 26.Nb5 Qe7 27.f4 Nd3 28.Bxd3 Bxd3 29.Qxe5  1-0

[Event "New Castle on Tyne op"]
[Site "New Castle on Tyne"]
[Date "1998.??.??"]
[Round "8"]
[White "Adamson, Robby"]
[Black "Storey, Charles"]
[Result "0-1"]
[WhiteElo "2320"]
[BlackElo "2225"]

1.e4 c5 2.c3 Nf6 3.e5 Nd5 4.d4 cxd4 5.Nf3 b6 6.cxd4 Bb7 7.Nc3 e6 8.Bd3 Be7
9.O-O O-O 10.Qe2 f5 11.Bd2 Kh8 12.Bc4 Nc7 13.Rac1 g5 14.d5 exd5 15.Bd3 Nc6
16.Nb5 Nxb5 17.Bxb5 g4 18.Ne1 Nd4 19.Qd3 Ne6 20.b4 a6 21.Ba4 a5 22.bxa5 Nc5
23.Qd4 Nxa4 24.Qxa4 Ba6 25.Qd4 Bxf1 26.Kxf1 Bc5 27.Qxd5 Qh4 28.Nd3 g3 29.hxg3 Qh1+
30.Ke2 Qh5+ 31.Qf3 Qf7 32.Rc2 Rae8 33.Kf1 Bd4 34.axb6 Bxb6 35.Bc3 Re6 36.Nf4 Rc8
37.Qb7 Rc7 38.Qxb6 Rxb6 39.e6+ Rxc3 40.exf7 Rb1+ 41.Ke2 Rxc2+ 42.Kd3 Rc8  0-1

[Event "Newport"]
[Site "Newport"]
[Date "1998.??.??"]
[Round "9"]
[White "Saunders, John C"]
[Black "Markov, Jurij"]
[Result "0-1"]
[WhiteElo "2225"]
[BlackElo "2390"]

1.e4 c5 2.c3 Nf6 3.e5 Nd5 4.d4 cxd4 5.cxd4 d6 6.Nf3 Nc6 7.Bc4 e6 8.O-O Be7
9.Re1 O-O 10.a3 Bd7 11.Nbd2 Nb6 12.Bd3 d5 13.Nf1 a5 14.Qe2 a4 15.Bd2 Na5
16.Bxa5 Rxa5 17.Rac1 Nc8 18.Qc2 g6 19.Qd2 Kg7 20.Ne3 h5 21.h4 Ra8 22.g3 Na7
23.Bb1 Nc6 24.Ng2 Na5 25.Qd3 Nc4 26.Nf4 Rg8 27.Re2 Kf8 28.Ba2 b5 29.Rec2 Bc6
30.Qe2 Rb8 31.Nd3 Qa5 32.Qe1 Qxe1+ 33.Nfxe1 g5 34.hxg5 Bxg5 35.Rd1 h4 36.gxh4 Bxh4+
37.Kf1 Rg4 38.Nb4 Be8 39.Nf3 Be7 40.Nd3 Kg7 41.Nde1 b4 42.axb4 Bb5 43.Nd3 Rh8
44.Bxc4 dxc4 45.Nc5 Bxc5  0-1

[Event "SVR-chA"]
[Site "Nickenich"]
[Date "1998.??.??"]
[Round "?"]
[White "Schwab, Thomas"]
[Black "Puth, Dieter"]
[Result "1-0"]
[WhiteElo "2115"]
[BlackElo "2280"]

1.e4 c5 2.c3 Nf6 3.e5 Nd5 4.d4 cxd4 5.Nf3 d6 6.Bc4 Nb6 7.Bb3 Nc6 8.exd6 Qxd6
9.Na3 a6 10.O-O g6 11.Ng5 e6 12.Qf3 Qe7 13.Ne4 f5 14.Ng5 dxc3 15.bxc3 h6
16.Nxe6 Bxe6 17.Re1 Nd8 18.Nc2 Bg7 19.Ba3 Qd7 20.Rad1 Qc6 21.Qxc6+ bxc6 22.Bxe6 Bxc3
23.Bxf5+ Kf7 24.Re7+ Kf6 25.Bg4 Nd5 26.Rd7 Be5 27.Ne3 Nc3 28.Be7+ Kg7 29.Bxd8+ Kf8
30.R1d3 Ne4 31.Bf3 Nf6 32.Bxf6 Bxf6 33.Bxc6 Rc8 34.Ba4 Be7 35.g3 h5 36.Nd5 Bg5
37.h4 Bh6 38.Rf3+  1-0

[Event "NOR-chT9899"]
[Site "NOR"]
[Date "1998.??.??"]
[Round "2"]
[White "Einvik, Gunnar"]
[Black "Guddahl, Viggo"]
[Result "0-1"]
[WhiteElo "2205"]
[BlackElo "2225"]

1.e4 c5 2.c3 Nf6 3.e5 Nd5 4.d4 cxd4 5.Nf3 Nc6 6.Bc4 Nb6 7.Bb3 d5 8.exd6 Qxd6
9.O-O Bf5 10.Nxd4 Nxd4 11.cxd4 Be6 12.Nc3 Bxb3 13.Qxb3 e6 14.Be3 Qb4 15.Qc2 Be7
16.a3 Qc4 17.Rac1 O-O 18.Qe4 Qc6 19.Qxc6 bxc6 20.Ne2 Rfc8 21.Rc2 Nd5 22.Rfc1 Rcb8
23.Nf4 Nxe3 24.fxe3 Rb3 25.e4 h6 26.Rd1 Bg5 27.g3 Rab8 28.Rdd2 a5 29.Kg2 Kf8
30.Rf2 Bxf4 31.gxf4 Rd3 32.Rfd2 Rxd2+ 33.Rxd2 Ke7 34.Kf2 Kd6 35.Ke2 f5 36.exf5 exf5
37.Kd1 Rb3 38.Kc2 Rf3 39.Rg2 Rxf4 40.Rxg7 Rxd4 41.Rg6+ Kd5 42.Rxh6 f4 43.Kc3 c5
44.Rh5+ Ke4 45.Rxc5 f3 46.Rc7 Rd5 47.Re7+ Kf4 48.Rf7+ Ke3 49.Re7+ Kf4 50.Rf7+ Ke3
51.Re7+ Kf2 52.b4 a4 53.Kc4 Rf5 54.b5 Kg1 55.Re1+ Kxh2 56.b6 f2 57.Rf1 Kg2
58.b7 Rf8 59.Rxf2+ Kxf2 60.Kb5 Ke3 61.Kxa4 Rb8 62.Ka5 Rxb7 63.Ka6 Rb8 64.Ka7 Rb3  0-1

[Event "Nova Gorica op"]
[Site "Nova Gorica"]
[Date "1998.??.??"]
[Round "3"]
[White "Pavasovic, Dusko"]
[Black "Jeric, Simon"]
[Result "1-0"]
[WhiteElo "2505"]
[BlackElo "2360"]

1.e4 c5 2.c3 Nf6 3.e5 Nd5 4.Nf3 Nc6 5.Bc4 e6 6.O-O Be7 7.d4 cxd4 8.cxd4 d6
9.Qe2 O-O 10.Re1 Bd7 11.Nc3 Nxc3 12.bxc3 d5 13.Bd3 Rc8 14.h4 Bxh4 15.g3 Be7
16.Kg2 f5 17.exf6 gxf6 18.Ne5 f5 19.Nxd7 Qxd7 20.Qxe6+ Qxe6 21.Rxe6 Rf7 22.Bd2 Ba3
23.Rae1 Ne7 24.Rb1 Nc6 25.Rb5 Rd8 26.Bg5 Rdd7 27.Rb1 Be7 28.Bf4 a6 29.Rh1 Ba3
30.Re8+ Kg7 31.g4 Rde7 32.Rc8 Bb2 33.Bd2 Re4 34.Bxe4 fxe4 35.Rh5 Rd7 36.Rg5+ Kf6
37.Rf8+ Ke6 38.Re8+ Re7 39.Rxe7+ Nxe7 40.Rh5 b5 41.Rxh7 b4 42.Rh6+ Kf7 43.cxb4  1-0